MARC

LEADER 00000nam0a2200000 4500
001 316493
005 20231102002900.0
010 |b 3000 экз. 
035 |a (RuTPU)RU\TPU\book\341944 
090 |a 316493 
100 |a 20160323d1927 m y0rusy50 ca 
101 1 |a rus  |c ger 
102 |a RU 
105 |a y z 001zy 
200 1 |a Накладные расходы себестоимости производства  |f А. Шперлих  |g пер. с нем. Л. Арндт ; с доп. и под ред. Л. П. Юшкова 
210 |a Москва  |a Ленинград  |c Московское акционерное издательское общество  |d 1927 
215 |a 177 с. 
316 |5 63413507: М-132587  |a На обложке и титульном листе владельческая подпись: "Бутаков" 
317 |5 63413507: М-132587  |a Поступила в НТБ в 1970 г. в составе книжного собрания профессора ТПИ И. Н. Бутакова 
320 |a Примечания в тексте 
606 1 |a Накладные расходы в промышленности  |2 stltpush  |3 (RuTPU)RU\TPU\subj\44790  |9 64070 
606 1 |a Себестоимость  |x Учет  |2 stltpush  |3 (RuTPU)RU\TPU\subj\54320  |9 72477 
610 1 |a производство 
610 1 |a издержки производства 
610 1 |a калькуляция 
610 1 |a владельческая надпись 
610 1 |a библиотека И. Н. Бутакова 
675 |a 657.47  |v 4 
700 1 |a Шперлих  |b А. 
702 1 |a Арндт  |b Л.  |4 730 
702 1 |a Юшков  |b Л. П.  |4 340  |4 080 
801 1 |a RU  |b 63413507  |c 20160323 
801 2 |a RU  |b 63413507  |c 20190801  |g RCR 
942 |c BK